Oudry´s Painted Menagerie (Record no. 560)

MARC details
000 -CABECERA
campo de control de longitud fija 01235nam a2200265 a 4500
001 - NÚMERO DE CONTROL
campo de control BRCA_644
005 - FECHA Y HORA DE LA ÚLTIMA TRANSACCIÓN
campo de control 20190320203107.0
008 - DATOS DE LONGITUD FIJA--INFORMACIÓN GENERAL
campo de control de longitud fija 070116s2007 caua---##b---#001-0#eng-#
020 ## - NÚMERO INTERNACIONAL ESTÁNDAR DEL LIBRO
Número Internacional Estándar del Libro 9780892368891
040 ## - FUENTE DE LA CATALOGACIÓN
Centro catalogador/agencia de origen DLC
Centro/agencia transcriptor DLC
Centro/agencia modificador BAKER
050 #4 - SIGNATURA TOPOGRÁFICA DE LA BIBLIOTECA DEL CONGRESO
Número de clasificación ND1382.4
Número de documento/Ítem .M67 2007
100 1# - ENTRADA PRINCIPAL--NOMBRE DE PERSONA
Nombre de persona Morton, Mary
9 (RLIN) 2154
245 10 - MENCIÓN DE TÍTULO
Título Oudry´s Painted Menagerie
Resto del título Portraits of Exotic Animals in Eighteenth-Century Europe
Mención de responsabilidad, etc. edited by Mary Morton ; with essays by Colin B. Bailey ... [et al.].
260 ## - PUBLICACIÓN, DISTRIBUCIÓN, ETC.
Lugar de publicación, distribución, etc. Los Ángeles
Nombre del editor, distribuidor, etc. J. Paul Getty Museum
Fecha de publicación, distribución, etc. 2007
300 ## - DESCRIPCIÓN FÍSICA
Extensión xv, 151 p.
Otras características físicas il. a color
Dimensiones 28 cm.
500 ## - NOTA GENERAL
Nota general Catálogo de la exposición organizada por The J. Paul Getty Museum, The Staatliches Museum (Schwerin, Germany) y realizada en The Getty Museum (Los Angeles), 1 mayo - 2 septiembre, 2007 y en The Museum of Fine Arts (Houston), 7 octubre, 2007 - 6 enero, 2008
500 ## - NOTA GENERAL
Nota general Incluye índice alfabético
504 ## - NOTA DE BIBLIOGRAFÍA, ETC.
Nota de bibliografía, etc. Bibliografía: p. 146-147
600 14 - PUNTO DE ACCESO ADICIONAL DE MATERIA--NOMBRE DE PERSONA
Nombre de persona Oudry, Jean-Baptiste
Fechas asociadas al nombre 1686-1755
Subdivisión de forma Exposiciones
9 (RLIN) 2155
650 14 - PUNTO DE ACCESO ADICIONAL DE MATERIA--TÉRMINO DE MATERIA
Término de materia o nombre geográfico como elemento de entrada Arte en la vida silvestre
Subdivisión de forma Exposiciones
Subdivisión geográfica Francia
9 (RLIN) 2156
650 14 - PUNTO DE ACCESO ADICIONAL DE MATERIA--TÉRMINO DE MATERIA
Término de materia o nombre geográfico como elemento de entrada Arte
Subdivisión de forma Exposiciones
Subdivisión general Colecciones privadas
Subdivisión geográfica Alemania
9 (RLIN) 2157
700 1# - PUNTO DE ACCESO ADICIONAL--NOMBRE DE PERSONA
Nombre de persona Morton, Mary G
9 (RLIN) 2158
700 1# - PUNTO DE ACCESO ADICIONAL--NOMBRE DE PERSONA
Nombre de persona Bailey, Colin B
9 (RLIN) 2159
942 ## - ELEMENTOS DE PUNTO DE ACCESO ADICIONAL (KOHA)
Fuente del sistema de clasificación o colocación Library of Congress Classification
Tipo de ítem Koha Libros
Holdings
Estado de retiro Estado de pérdida Estado dañado No para préstamo Localización permanente Ubicación/localización actual Fecha de adquisición Total de préstamos Signatura topográfica completa Código de barras Fecha visto por última vez Precio válido a partir de Tipo de ítem Koha
El ejemplar forma parte de la colección y puede ser consultado según las políticas vigentes.       Biblioteca del Museo Franz Mayer (Rogerio Casas-Alatriste) Biblioteca del Museo Franz Mayer (Rogerio Casas-Alatriste) 25/06/2008   ND1382.4 .M67 2007 00973 22/03/2019 22/03/2019 Libros